| 000 | 00742nam a2200157 a 4500 | ||
|---|---|---|---|
| 008 | 180906s2013 xx |||||||||||||| || u | ||
| 050 | _aUNDP(02)2013/3 | ||
| 245 | 0 | 0 |
_aBotswana MDG acceleration compact; improving maternal health _cby United Nations Development Programme [UNDP] |
| 260 |
_a _bUnited Nations Development Programme (UNDP) _c2013 |
||
| 300 | _a63p.: ill. | ||
| 650 | _aMATERNAL HEALTH SERVICES--BOTSWANA | ||
| 650 | _aPUBLIC HEALTH--AFRICA, SUB-SAHARAN | ||
| 650 | _aECONOMIC DEVELOPMENT--BOTSWANA | ||
| 650 | _aMILLENNIUM DEVELOPMENT GOALS--BOTSWANA | ||
| 995 |
_FCBU-MAIN LIBRARY (Kitwe) _M1 _UAVAILABLE _WSep 6, 2018 _XUnited Nations Development Programme _ZUniversity Collection |
||
| 999 |
_c36064 _d36064 |
||